| 000 | 01787nam a2200529 i 4500 | ||
|---|---|---|---|
| 001 | 5520 | ||
| 003 | KOSZ 005 | ||
| 005 | 20190726142306.0 | ||
| 008 | 970513s1992 pl a f |001 0 pol | ||
| 015 | _aPB 1992/11128 | ||
| 020 | _a8320412609 | ||
| 035 | _a991001562919705066 | ||
| 035 | _a(PL-WaBN)b10445699-48omnis_nlop | ||
| 035 | _ab10445699 | ||
| 035 | _a(OCoLC)749625267 | ||
| 035 | _a(PL)b0000001044569 | ||
| 035 | _a(EXLNZ-48OMNIS_NETWORK)9910410516705606 | ||
| 040 |
_aWA N _cWA N _dKOSZ 005/EG |
||
| 041 | _apol | ||
| 080 | _a519.6 | ||
| 080 | _a512.64 | ||
| 080 | _a(075.8) | ||
| 100 | 1 |
_aKiełbasiński, Andrzej _d(1927-2019) _eAutor |
|
| 245 | 1 | 0 |
_aNumeryczna algebra liniowa : _bwprowadzenie do obliczeń zautomatyzowanych / _cAndrzej Kiełbasiński, Hubert Schwetlick. |
| 260 |
_aWarszawa : _bWydawnictwa Naukowo-Techniczne, _c1992. |
||
| 300 |
_a502, [2] s. : _brys., wykr. ; _c25 cm. |
||
| 336 |
_2rdacontent _aTekst _btxt |
||
| 337 |
_2rdamedia _aBez urządzenia pośredniczącego _bn |
||
| 338 |
_2rdacarrier _aWolumin _bnc |
||
| 380 | _aKsiążki | ||
| 380 | _aPublikacje naukowe | ||
| 380 | _aPublikacje dydaktyczne | ||
| 385 |
_mPoziom nauczania _aSzkoły wyższe |
||
| 388 | _a1901-2000 | ||
| 388 | _a1989-2000 | ||
| 504 | _aBibliogr. s. 481-491. - Indeks. | ||
| 650 | 7 |
_aAlgebra liniowa _2DBN |
|
| 650 | 7 |
_aAnaliza numeryczna _2DBN |
|
| 655 | 7 |
_aPodręczniki akademickie _2DBN |
|
| 658 | _aMatematyka | ||
| 658 | _aInżynieria i technika | ||
| 700 | 1 |
_aSchwetlick, Hubert. _eAutor |
|
| 710 | 2 |
_aWydawnictwa Naukowo-Techniczne _4pbl |
|
| 856 |
_uhttp://koha.tu.koszalin.pl/cgi-bin/koha/opac-detail.pl?biblionumber=5520 _yKatalog online BPK |
||
| 942 |
_2UKD _cKS |
||
| 999 |
_c5520 _d5520 |
||